000 00752nam a22002297a 4500
003 UA-OsUOA
001 52557
007 ta
008 20150623b un ||||| |||| 00| 0 ukr d
090 _a216
_bЧ-58
942 _cBR
040 _aUA-OsUOA
_bukr
_cUA-OsUOA
_dUA-OsUOA
245 _aЧи релігія зустріне світову кризу?
300 _a32 с.
955 _a4
041 _aukr
080 _a216
260 _aБруклін
_c1953
650 7 _a21 Природна теологія. Теодицея (Бог). Раціональна теологія Релігійна філософія
_2UDC
999 _c432675
_d432675